[Event "London Classic Open 2019"]
[Site "London ENG"]
[Date "2019.12.01"]
[Round "4.22"]
[White "Goh, Zi Han"]
[Black "Zujev, Oleg"]
[Result "1-0"]
[WhiteTitle "CM"]
[BlackTitle "FM"]
[WhiteElo "2134"]
[BlackElo "2316"]
[WhiteFideId "5819156"]
[BlackFideId "12801585"]
[EventDate "2019.11.29"]

1. d4 Nf6 2. c4 d6 3. Nc3 Nbd7 4. e4 e5 5. Nf3 c6 6. Be2 Be7 7. O-O O-O 8. Be3
Ng4 9. Bd2 a6 10. d5 g6 11. Ne1 Ngf6 12. Nd3 Ne8 13. Be3 Bg5 14. Qd2 h6 15. dxc6
bxc6 16. c5 f5 17. Bxg5 Qxg5 18. Qxg5 hxg5 19. cxd6 Nxd6 20. Rfd1 Rf6 21. Rac1
Rb8 22. b3 Kf8 23. f3 a5 24. Nb2 Ke7 25. Nc4 Nxc4 26. Bxc4 Rd6 27. Rxd6 Kxd6 28.
Na4 Nf8 29. Rd1+ Ke7 30. Nc5 Ra8 31. Kf2 Ra7 32. Nd3 Nd7 33. Ke3 Bb7 34. Rh1 Ra8
35. Rc1 Rh8 36. h3 Rh4 37. Rb1 c5 38. Nf2 Nf6 39. Bd3 f4+ 40. Ke2 Rh8 41. Bc4
Bc6 42. Nd3 Nd7 43. Rh1 g4 44. Kf2 g5 45. Rg1 gxh3 46. gxh3 Kf6 47. Kg2 Rb8 48.
Rc1 Ke7 49. Kf2 a4 50. bxa4 Bxa4 51. Bd5 Kd6 52. Rg1 Bc2 53. Ke2 Nb6 54. Rxg5
Nxd5 55. Rg6+ Ke7 56. exd5 Ra8 57. Re6+ Kd8 58. Nxe5 Rxa2 59. Ke1 Bf5 60. Rf6
Bxh3 61. d6 Ke8 62. Rh6 1-0

[Event "London Classic Open 2019"]
[Site "London ENG"]
[Date "2019.12.01"]
[Round "4.29"]
[White "Mirzoyan, Davit T."]
[Black "Royal, Shreyas"]
[Result "1/2-1/2"]
[WhiteTitle "FM"]
[BlackTitle "CM"]
[WhiteElo "2388"]
[BlackElo "1941"]
[WhiteFideId "13308386"]
[BlackFideId "448869"]
[EventDate "2019.11.29"]

1. d4 d5 2. c4 e6 3. Nc3 Nf6 4. cxd5 exd5 5. Bg5 Be7 6. e3 c6 7. Qc2 Nbd7 8. Bd3
Nf8 9. Nf3 Ne6 10. Bxf6 Bxf6 11. Bxh7 Qe7 12. O-O-O g6 13. Bxg6 fxg6 14. Qxg6+
Qf7 15. Qc2 Nc7 16. Qb3 Na6 17. e4 dxe4 18. Nxe4 Qxb3 19. axb3 Kf7 20. Ne5+ Bxe5
21. dxe5 Ke7 22. f4 Be6 23. Nf6 Nc5 24. b4 Nd7 25. Nxd7 Bxd7 26. h3 Raf8 27.
Rhf1 Be6 28. Rf2 Bd5 29. Rd3 Rh4 30. Rd4 Rg8 31. Rdd2 Rf8 32. Rd4 Rg8 1/2-1/2

[Event "London Classic Open 2019"]
[Site "London ENG"]
[Date "2019.12.01"]
[Round "4.32"]
[White "Zapolskis, Antanas"]
[Black "Sarpotdar, Amogh"]
[Result "1-0"]
[WhiteTitle "IM"]
[WhiteElo "2280"]
[BlackElo "2015"]
[WhiteFideId "12800210"]
[BlackFideId "5069521"]
[EventDate "2019.11.29"]

1. e4 Nf6 2. e5 Nd5 3. c4 Nb6 4. c5 Nd5 5. Bc4 e6 6. Nc3 Bxc5 7. d4 Nxc3 8. bxc3
d5 9. Bd3 Be7 10. Qg4 g6 11. Nf3 c5 12. O-O Nc6 13. Bh6 c4 14. Bc2 Qa5 15. Qf4
Rg8 16. Ng5 Bxg5 17. Bxg5 Bd7 18. Rfc1 Qa3 19. Rab1 b6 20. Bd1 Rc8 21. Rc2 Rc7
22. Bf3 Ne7 23. Rb4 Bc6 24. g4 Rd7 25. h4 Nc8 26. Rxc4 Bb7 27. Rb4 Ba6 28. Rb3
Qa5 29. c4 Bxc4 30. Rxc4 dxc4 31. Bc6 cxb3 32. Qf6 b5 33. axb3 h6 34. Bxd7+ Kxd7
35. Qxf7+ Kc6 36. Qxg8 hxg5 37. Qxc8+ Kd5 38. Qd7+ Ke4 39. Qxe6 gxh4 40. Qxg6+
Kxd4 41. Kg2 Kxe5 42. Qf5+ Kd4 43. g5 h3+ 44. Qxh3 b4 45. Qe3+ Kd5 46. g6 Kd6
47. Qf4+ 1-0

[Event "London Classic Open 2019"]
[Site "London ENG"]
[Date "2019.12.01"]
[Round "4.37"]
[White "Mata, Adilson"]
[Black "Russell, Christopher"]
[Result "0-1"]
[WhiteElo "1928"]
[BlackElo "2190"]
[WhiteFideId "1901389"]
[BlackFideId "413569"]
[EventDate "2019.11.29"]

1. e4 e6 2. d4 d5 3. Nd2 c5 4. c3 cxd4 5. cxd4 dxe4 6. Nxe4 Bb4+ 7. Nc3 Nc6 8.
Nf3 Nf6 9. Bd3 Qa5 10. Bd2 O-O 11. a3 Be7 12. O-O Rd8 13. Nb5 Qb6 14. a4 a5 15.
Bf4 Nd5 16. Bg3 Ncb4 17. Bc4 Bd7 18. Rc1 Rac8 19. Qe2 Be8 20. Rfe1 Bf6 21. Be5
h6 22. Qe4 Rc6 23. b3 Rcc8 24. g4 Na2 25. Rc2 Bxb5 26. axb5 Nac3 27. Qd3 Nxb5
28. Bxf6 Nxf6 29. g5 hxg5 30. Rce2 Nxd4 31. Re5 Nc6 32. Qe3 Qxe3 33. R5xe3 g4
34. Ng5 Nd4 35. Kg2 Nc2 36. Rxe6 fxe6 37. Rxe6 Rxc4 38. bxc4 a4 39. Re7 Rd7 40.
Re2 Nb4 41. Rb2 Nd3 42. Ra2 Nc5 43. Re2 Kf8 44. Re5 b6 45. Re3 Ra7 46. Ra3 Nfe4
47. f4 Nxg5 48. fxg5 Ne4 49. g6 Nd6 50. Ra2 a3 51. Kg3 Nxc4 52. Kxg4 b5 53. Rf2+
Kg8 54. Re2 Ra8 55. Ra2 b4 56. h4 b3 0-1

[Event "London Classic Open 2019"]
[Site "London ENG"]
[Date "2019.12.01"]
[Round "4.38"]
[White "Rogacewicz, Mikolaj"]
[Black "Johnson, Daniel"]
[Result "1/2-1/2"]
[WhiteElo "1921"]
[BlackElo "2186"]
[WhiteFideId "21842981"]
[BlackFideId "1721283"]
[EventDate "2019.11.29"]

1. d4 Nf6 2. c4 e6 3. g3 d5 4. Nf3 Be7 5. Bg2 O-O 6. O-O dxc4 7. Ne5 c5 8. dxc5
Qc7 9. Nxc4 Rd8 10. Nbd2 Qxc5 11. b3 Nc6 12. Bb2 Qh5 13. e3 Qh6 14. Qe2 Bd7 15.
Rac1 Rac8 16. Nf3 Qh5 17. Rfd1 Be8 18. h3 Qb5 19. Nd4 Nxd4 20. Bxd4 Qa6 21. Qb2
b5 22. Ne5 Rxc1 23. Qxc1 Qxa2 24. Qc7 Qxb3 25. Ra1 Kf8 26. Rxa7 Qb4 27. Bc6 Qd6
28. Qb6 Rb8 29. Qa6 b4 30. Qc4 Kg8 31. Bxe8 Rxe8 32. Nc6 Bf8 33. Rb7 Nd5 34. e4
Ne7 35. Nxb4 Rc8 36. Qd3 Rd8 37. Bc5 Qxd3 38. Nxd3 Rxd3 39. Bxe7 Bxe7 40. Rxe7
Kf8 41. Ra7 Rd4 42. e5 g5 43. Ra3 h5 44. Kg2 Kg7 45. Kf3 g4+ 46. hxg4 hxg4+ 47.
Ke3 Rb4 48. Ra7 Kg6 49. Rc7 Rb3+ 50. Kf4 Kh5 51. Ke4 Rf3 52. Rc8 Rxf2 53. Rh8+
Kg6 54. Rg8+ Kh5 1/2-1/2

[Event "London Classic Open 2019"]
[Site "London ENG"]
[Date "2019.12.01"]
[Round "4.39"]
[White "Smith, Andrew Philip"]
[Black "Burke, John S"]
[Result "1-0"]
[WhiteTitle "FM"]
[WhiteElo "2172"]
[BlackElo "1966"]
[WhiteFideId "2500833"]
[BlackFideId "404322"]
[EventDate "2019.11.29"]

1. e4 e5 2. d4 exd4 3. Qxd4 Nc6 4. Qe3 Nf6 5. Nc3 Bb4 6. Bd2 O-O 7. O-O-O Re8 8.
Bc4 d6 9. f3 Be6 10. Bxe6 Rxe6 11. Nge2 Re8 12. Qf2 Ne5 13. Bg5 Bxc3 14. Nxc3 h6
15. Be3 Qe7 16. Kb1 a6 17. g4 Nc4 18. Bc1 c6 19. h4 Nh7 20. g5 h5 21. f4 b5 22.
Rhe1 Qc7 23. Qd4 Rad8 24. b3 Nb6 25. Bb2 f6 26. Rg1 c5 27. Qd3 c4 28. Qf3 b4 29.
Nd5 Nxd5 30. Rxd5 c3 31. Bc1 fxg5 32. hxg5 Qe7 33. Rd4 g6 34. f5 Qf7 35. Qd3 Nf8
36. Rxb4 d5 37. Qxc3 Rxe4 38. Rxe4 dxe4 39. Bb2 Qh7 40. Qe5 Rd7 41. fxg6 Nxg6
42. Qe8+ Nf8 43. Ba3 1-0

[Event "London Classic Open 2019"]
[Site "London ENG"]
[Date "2019.12.01"]
[Round "4.45"]
[White "Marzano, Carlo"]
[Black "AuYeung, Chi Hung Jonathan"]
[Result "1/2-1/2"]
[WhiteElo "2128"]
[BlackElo "1770"]
[WhiteFideId "802980"]
[BlackFideId "5818044"]
[EventDate "2019.11.29"]

1. d4 c5 2. dxc5 e6 3. Nc3 Bxc5 4. Ne4 Nf6 5. Nxc5 Qa5+ 6. Qd2 Qxc5 7. Qg5 Qxg5
8. Bxg5 Nc6 9. O-O-O d5 10. f3 b6 11. e3 Bb7 12. Ne2 Ke7 13. Nd4 Rac8 14. Rd2
Ne5 15. b3 Ng6 16. Bd3 h6 17. Bf4 Nxf4 18. exf4 Nh5 19. g3 g5 20. fxg5 hxg5 21.
Re1 Kf6 22. Kb2 Ng7 23. Nb5 Ra8 24. Rde2 a6 25. Nd6 Bc6 26. c4 Rhd8 27. cxd5
Rxd6 28. dxc6 Rxd3 29. Rc1 Rc8 30. c7 Ne8 31. Rc6 Rxc7 32. Rxb6 Rd6 33. Rb8 Ke7
34. h4 gxh4 35. gxh4 Rc5 36. Ra8 a5 37. Rg2 Rh5 38. Rg4 Rd2+ 39. Ka3 Rh2 40.
Ra7+ Kf8 41. Ra4 R2xh4 42. R4xa5 Rxa5+ 43. Rxa5 Rf4 44. b4 Rxf3+ 45. Ka4 Nc7 46.
b5 Nd5 47. Ra6 Nc7 48. Rc6 Nd5 49. b6 Rf4+ 50. Ka5 Rb4 51. Ka6 Ra4+ 52. Kb5 Rxa2
53. Rc8+ Ke7 54. b7 Rb2+ 55. Ka6 f5 56. b8=Q Rxb8 57. Rxb8 f4 58. Rb2 e5 59. Kb5
Ke6 60. Kc4 Ne3+ 61. Kd3 Kf5 62. Ke2 Kg4 63. Rb8 Nd5 64. Rg8+ Kf5 65. Ra8 Nc3+
66. Kf2 Ne4+ 67. Kf3 Ng5+ 68. Kf2 Kg4 69. Re8 Kf5 70. Rf8+ Ke4 71. Rg8 Ne6 72.
Re8 Nc5 73. Re7 Nd3+ 74. Ke2 f3+ 75. Kf1 Ke3 76. Ra7 e4 77. Re7 Nf4 78. Ra7 Nd3
79. Re7 Nc5 80. Re8 Nb3 81. Rf8 Nd2+ 82. Ke1 Nc4 83. Rf7 Ne5 84. Rf8 Nd3+ 85.
Kf1 Ne5 86. Rf5 Ng4 87. Rf8 Nh2+ 88. Kg1 Ke2 89. Kxh2 Kf2 90. Kh3 Ke3 91. Kg3
Ke2 92. Re8 e3 93. Kf4 f2 94. Rxe3+ Kd2 95. Rf3 Ke2 96. Re3+ Kd2 97. Rf3 Ke2 98.
Kg3 f1=Q 99. Rxf1 Kxf1 1/2-1/2

[Event "London Classic Open 2019"]
[Site "London ENG"]
[Date "2019.12.01"]
[Round "4.47"]
[White "Willmoth, Robert F"]
[Black "Drastik, Penelope"]
[Result "1-0"]
[WhiteTitle "CM"]
[WhiteElo "2108"]
[BlackElo "1759"]
[WhiteFideId "402540"]
[BlackFideId "3214850"]
[EventDate "2019.11.29"]

1. d4 Nf6 2. Nf3 e6 3. b3 b6 4. Bb2 Bb7 5. Nbd2 c5 6. e3 cxd4 7. exd4 Be7 8. Bd3
O-O 9. Qe2 Nc6 10. a3 Qc7 11. O-O Nd5 12. g3 Na5 13. c4 Nf6 14. b4 Bxf3 15. Qxf3
Nb7 16. Rac1 a5 17. b5 d6 18. a4 Rac8 19. Rfe1 Qd7 20. d5 Nc5 21. Bc2 Qb7 22.
Qe2 Rc7 23. dxe6 fxe6 24. f4 d5 25. Nf3 Nce4 26. Bd3 Nc5 27. Bb1 Nxa4 28. Bxf6
Rxf6 29. Qc2 Bc5+ 30. Kg2 Bb4 31. Qxh7+ Kf8 32. Qh8+ Ke7 33. Qxg7+ Rf7 34. Rxe6+
Kxe6 35. Ng5+ Kd6 36. Qg6+ Kc5 37. Ne6+ Kd6 38. Nd8+ 1-0

[Event "London Classic Open 2019"]
[Site "London ENG"]
[Date "2019.12.01"]
[Round "4.48"]
[White "Seymour, Timothy P"]
[Black "John, Joshua"]
[Result "1-0"]
[WhiteElo "2107"]
[BlackElo "1680"]
[WhiteFideId "412112"]
[BlackFideId "449750"]
[EventDate "2019.11.29"]

1. e3 d5 2. c4 c6 3. Nf3 Nf6 4. Nc3 e6 5. d4 Be7 6. b3 Nbd7 7. Bd3 c5 8. cxd5
cxd4 9. Nxd4 Nxd5 10. Nxd5 Qa5+ 11. Qd2 Qxd5 12. O-O a6 13. Rd1 Bf6 14. Ba3 Ne5
15. Bf1 Bd7 16. Rac1 Nc6 17. Bc4 Qa5 18. Qxa5 Nxa5 19. Be2 Nc6 20. Bf3 Rc8 21.
Nxc6 bxc6 22. Rc2 Be7 23. Bb2 f6 24. Rdc1 c5 25. Ba3 Bc6 26. Bxc6+ Rxc6 27. Bxc5
Bxc5 28. Rxc5 Rxc5 29. Rxc5 Kd7 30. Kf1 Kd6 31. b4 Rb8 32. a3 f5 33. Ke2 e5 34.
f3 g6 35. Kd3 g5 36. g3 h5 37. Kc4 f4 38. exf4 gxf4 39. gxf4 h4 40. fxe5+ Ke6
41. Kd4 Rd8+ 42. Ke4 Rd2 43. Rc6+ Ke7 44. h3 Rh2 45. Rxa6 Rxh3 46. Ra7+ Ke8 47.
Kf4 Rh1 48. Kg4 h3 49. Kg3 Rf1 50. Kxh3 Rxf3+ 51. Kg4 Re3 52. Kf5 Rd3 53. Ke6
Kf8 54. b5 Rb3 55. a4 Rb4 56. Ra8+ Kg7 57. Ke7 Re4 58. e6 Kh7 59. b6 Rf4 60. b7
Rf5 61. b8=Q Rf8 62. Qxf8 Kg6 63. Qf6+ Kh7 64. Rh8# 1-0

[Event "London Classic Open 2019"]
[Site "London ENG"]
[Date "2019.12.01"]
[Round "4.55"]
[White "Siddharth, Gopakumar"]
[Black "Zymberi, Astrit"]
[Result "1/2-1/2"]
[WhiteElo "1848"]
[BlackElo "2148"]
[WhiteFideId "5053463"]
[BlackFideId "4700295"]
[EventDate "2019.11.29"]

1. d4 Nf6 2. c4 g6 3. Nc3 d5 4. cxd5 Nxd5 5. e4 Nxc3 6. bxc3 Bg7 7. Bc4 c5 8.
Ne2 Nc6 9. Be3 O-O 10. O-O e6 11. Rb1 Na5 12. Qa4 Nxc4 13. Qxc4 cxd4 14. Bxd4 e5
15. Be3 Be6 16. Qa4 Qc7 17. Rfd1 Bc4 18. Rd7 Qc8 19. Ng3 b5 20. Qd1 a6 21. a4
bxa4 22. Rbb7 Bb3 23. Qc1 Rd8 24. Rxd8+ Qxd8 25. Bg5 Qd1+ 26. Nf1 Qxc1 27. Bxc1
Rd8 28. Ne3 h5 29. Kf1 Bf8 30. Ke2 Be6 31. Ra7 Bc5 32. Rxa6 Bxe3 33. Kxe3 Rd1
34. Ra8+ Kg7 35. Ba3 Bb3 36. Ke2 Ra1 37. Be7 Ra2+ 38. Kf3 f5 39. Ra7 Bd1+ 40.
Kg3 f4+ 41. Kh3 Kf7 42. Bc5+ Ke6 43. Ra6+ Kf7 44. Ra7+ Kf6 45. Ra6+ 1/2-1/2

[Event "London Classic Open 2019"]
[Site "London ENG"]
[Date "2019.12.01"]
[Round "4.56"]
[White "Eche, Sylvain"]
[Black "Lovell, William Pm"]
[Result "1-0"]
[WhiteElo "2054"]
[BlackElo "1843"]
[WhiteFideId "627194"]
[BlackFideId "431060"]
[EventDate "2019.11.29"]

1. e4 c5 2. Nf3 Nc6 3. d4 cxd4 4. Nxd4 e5 5. Nb5 d6 6. c4 Be7 7. N1c3 a6 8. Na3
f5 9. Nc2 Nf6 10. Bd3 f4 11. g3 g5 12. Nd5 Be6 13. Bd2 Nb8 14. Ncb4 Nbd7 15. Qe2
Nc5 16. Bc2 Bf7 17. O-O-O Bg6 18. f3 Nfd7 19. Nxe7 Qxe7 20. Nd5 Qd8 21. b4 Ne6
22. Bc3 Nb6 23. Bb3 Nxd5 24. Rxd5 Nc7 25. Rd2 Qe7 26. Rhd1 O-O-O 27. gxf4 gxf4
28. Qf2 Rhf8 29. Qb6 Rf6 30. Qa5 Kb8 31. Bxe5 Qxe5 32. Qxe5 dxe5 33. Rxd8+ Ka7
34. Rc8 Ne6 35. Rd6 Bxe4 36. fxe4 f3 37. Rxe6 1-0

[Event "London Classic Open 2019"]
[Site "London ENG"]
[Date "2019.12.01"]
[Round "4.57"]
[White "Walker, Samuel A"]
[Black "Saidmurodov, Shahjahon"]
[Result "1-0"]
[WhiteElo "2039"]
[BlackElo "1782"]
[WhiteFideId "412813"]
[BlackFideId "448150"]
[EventDate "2019.11.29"]

1. Nf3 d5 2. b3 c5 3. Bb2 Nc6 4. e3 Bg4 5. d4 Nf6 6. Nbd2 e6 7. Be2 Be7 8. O-O
O-O 9. a3 a6 10. dxc5 Bxc5 11. b4 Ba7 12. c4 d4 13. Nxd4 Nxd4 14. Bxg4 Nxg4 15.
Qxg4 f5 16. Qh5 Nc6 17. Rfd1 Qe7 18. Nf3 e5 19. Rd5 e4 20. Ng5 h6 21. Nh3 Rad8
22. Rad1 Rxd5 23. cxd5 Ne5 24. d6 Qf6 25. Bxe5 Qxe5 26. d7 Rd8 27. Nf4 Bb8 28.
g3 Bd6 29. Rd5 Qe7 30. Qxf5 Rxd7 31. Ne6 Qe8 32. Nc5 Rf7 33. Qxe4 Qc6 34. Qd3
Bxc5 35. Rxc5 Rd7 36. Qc4+ Kh8 37. Rxc6 bxc6 38. Qxc6 1-0

[Event "London Classic Open 2019"]
[Site "London ENG"]
[Date "2019.12.01"]
[Round "4.58"]
[White "Covey, Jason"]
[Black "Flear, Christine"]
[Result "0-1"]
[BlackTitle "WIM"]
[WhiteElo "1773"]
[BlackElo "2035"]
[WhiteFideId "430986"]
[BlackFideId "602604"]
[EventDate "2019.11.29"]

1. e4 c5 2. Nc3 e6 3. f4 d5 4. d3 Nc6 5. Nf3 dxe4 6. dxe4 Qxd1+ 7. Kxd1 Bd7 8.
Be3 Nf6 9. Bd3 Be7 10. Ke2 Rc8 11. h3 O-O 12. g4 Rfd8 13. Rad1 a6 14. g5 Nh5 15.
Kf2 b5 16. Be2 g6 17. Nh2 Ng7 18. Ng4 Nd4 19. Bd3 Bc6 20. Bxd4 Rxd4 21. Ne5 Bb7
22. Nf3 Rdd8 23. Rhe1 c4 24. Bf1 Nh5 25. f5 Bc5+ 26. Kg2 exf5 27. exf5 gxf5 28.
Re5 Rxd1 29. Nxd1 Bd6 30. Re1 Nf4+ 31. Kf2 Bc5+ 32. Kg3 Nh5+ 33. Kg2 Rd8 34. Be2
Rd2 35. Kf1 Bxf3 0-1

[Event "London Classic Open 2019"]
[Site "London ENG"]
[Date "2019.12.01"]
[Round "4.59"]
[White "Kuzhelev, Timur"]
[Black "Chidichimo, Pedro Jose Maria"]
[Result "1-0"]
[WhiteElo "1716"]
[BlackElo "1831"]
[WhiteFideId "44101791"]
[BlackFideId "24545252"]
[EventDate "2019.11.29"]

1. e4 d6 2. d4 Nf6 3. f3 Nbd7 4. c4 e5 5. d5 Be7 6. Nc3 O-O 7. Be3 c5 8. Bd3 Re8
9. Nge2 a6 10. Qd2 Bf8 11. a3 g6 12. O-O Nh5 13. b4 b6 14. Bg5 f6 15. Bh6 Ng7
16. g4 Qe7 17. Ng3 Qf7 18. Kf2 Be7 19. Rh1 Nf8 20. h4 Rb8 21. Rag1 Kh8 22. Nge2
Nd7 23. Bc2 Rg8 24. Bxg7+ Rxg7 25. h5 g5 26. Ng3 Nf8 27. Nf5 Bxf5 28. exf5 h6
29. Re1 Nd7 30. Re4 Re8 31. Ne2 Bd8 32. Re1 Bc7 33. Nc1 Rgg8 34. Nd3 Rgf8 35.
R1e2 Kg7 36. Ne1 Kg8 37. Ng2 Bd8 38. Qe1 Re7 39. f4 Rfe8 40. fxg5 fxg5 41. a4
Nf6 42. Kg3 Kh8 43. R4e3 Kg8 44. Be4 Kh8 45. Qd2 Bc7 46. Ne1 Qg7 47. Nd3 Kg8 48.
Qb2 Rb8 49. Rd2 Kh8 50. Nc1 Kg8 51. Nb3 Bd8 52. Rde2 Bc7 53. Nc1 Qf7 54. Nd3 Kh8
55. Ne1 Qg7 56. Nf3 Rg8 57. Qd2 Qf7 58. Ne1 Rb8 59. Rb3 Bd8 60. Nf3 Qg7 61. Ne1
Bc7 62. Kf3 Qf7 63. Ng2 Rg8 64. Kg3 Qg7 65. Kh3 Qf7 66. Rf3 Nxh5 67. f6 Ree8 68.
gxh5 g4+ 69. Kh4 Rg5 70. Bg6 Rxg6 71. hxg6 Qxg6 72. Rf1 Bd8 73. Kg3 Bxf6 74.
Ref2 Bg5 75. Rf8+ Rxf8 76. Rxf8+ Kg7 77. Qf2 Qh5 78. Qf5 Qh3+ 79. Kf2 g3+ 80.
Ke1 Bd2+ 81. Kxd2 Qxg2+ 82. Kc3 Qf2 83. Rf7+ 1-0

[Event "London Classic Open 2019"]
[Site "London ENG"]
[Date "2019.12.01"]
[Round "4.60"]
[White "Varsha Ramesh"]
[Black "De Coverly, Roger D"]
[Result "1-0"]
[WhiteElo "1669"]
[BlackElo "1974"]
[WhiteFideId "45010900"]
[BlackFideId "405213"]
[EventDate "2019.11.29"]

1. e4 e5 2. Nf3 Nc6 3. Bc4 Be7 4. d4 d6 5. dxe5 dxe5 6. Qxd8+ Bxd8 7. Nc3 Nf6 8.
Be3 a6 9. a4 Bg4 10. O-O-O Be7 11. h3 Bh5 12. g4 Bg6 13. Nd2 O-O-O 14. f3 Nd4
15. Bxd4 Rxd4 16. h4 h5 17. g5 Nd7 18. Nd5 Bc5 19. c3 Rxd2 20. Kxd2 c6 21. Ne3
b5 22. axb5 axb5 23. Bb3 Rd8 24. Ke2 Kc7 25. Rd2 Nb6 26. Rxd8 Kxd8 27. Rd1+ Kc7
28. Ra1 Kb7 29. Nf5 Bf8 30. Rd1 Kc7 31. Rf1 Nd7 32. Ba2 Nc5 33. b4 Na4 34. Kd2
Nb6 35. Bb3 Nd7 36. Ke3 c5 37. bxc5 Bxc5+ 38. Ke2 Bf8 39. Ra1 Nc5 40. Bd5 Na4
41. Kd2 Kb6 42. c4 Kc5 43. Rc1 Bxf5 44. cxb5+ Kxb5 45. exf5 Bb4+ 46. Ke3 Bc5+
47. Rxc5+ Kxc5 48. Bxf7 Kd6 49. Bxh5 Nc5 50. Bf7 Ke7 51. Bc4 Kf8 52. h5 Nd7 53.
Ke4 Ke7 54. Be6 1-0

[Event "London Classic Open 2019"]
[Site "London ENG"]
[Date "2019.12.01"]
[Round "4.61"]
[White "Karamazondo, Ernest"]
[Black "Saravanan, Aadarsh"]
[Result "1-0"]
[WhiteElo "1972"]
[BlackElo "1711"]
[WhiteFideId "447340"]
[BlackFideId "440078"]
[EventDate "2019.11.29"]

1. e4 e6 2. d4 d5 3. e5 c5 4. c3 Nc6 5. Nf3 Qb6 6. a3 Nge7 7. b4 cxd4 8. cxd4
Nf5 9. Bb2 Bd7 10. Be2 Rc8 11. O-O Be7 12. Re1 O-O 13. Bd3 Rfe8 14. Bc2 a5 15.
Qd3 h5 16. b5 Nb8 17. a4 Na6 18. Na3 Nb4 19. Qd2 Rc7 20. Bb3 Rec8 21. Rad1 g6
22. g3 Kg7 23. Kg2 Rh8 24. h3 Rcc8 25. Nb1 Qa7 26. Nc3 b6 27. Ne2 Qc7 28. Rh1
Qd8 29. Bc1 h4 30. g4 Nh6 31. Nf4 Rc7 32. Bb2 Qc8 33. Rc1 Rxc1 34. Bxc1 Qd8 35.
Rg1 Kf8 36. Kh1 Bc8 37. Ba3 Bd7 38. Rc1 Kg7 39. Qe3 Qb8 40. Rg1 Kf8 41. Ne2 Kg7
42. Ne1 Qd8 43. f4 Qa8 44. Bc1 Qc8 45. Bd2 Qa8 46. Bc1 Qg8 47. Qd2 Qd8 48. Ng2
Qc8 49. Ne3 Kf8 50. Rf1 Qa8 51. Ng1 Kg7 52. Nf3 Qb7 53. Rg1 Kf8 54. Bd1 Qc8 55.
Be2 Kg7 56. Bf1 Na2 57. Bd3 Nxc1 58. Rxc1 Qb7 59. f5 exf5 60. gxf5 Nxf5 61.
Nxf5+ gxf5 62. Rg1+ Kf8 63. e6 Bxe6 64. Ne5 Qc8 65. Qf4 Bf6 66. Nc6 Qd7 67. Qb8+
Qc8 68. Qxb6 Bd7 69. Nxa5 Bd8 70. Qd6+ Ke8 71. Re1+ Be6 72. Bxf5 Rh6 73. Nc6 Rf6
74. Bxe6 Rxe6 75. Rxe6+ fxe6 76. Qxd8+ Qxd8 77. Nxd8 Kxd8 78. Kg2 e5 79. dxe5 1-0

[Event "London Classic Open 2019"]
[Site "London ENG"]
[Date "2019.12.01"]
[Round "4.62"]
[White "Grey, Nicholas D"]
[Black "Millward, Kevin P"]
[Result "1-0"]
[WhiteElo "1692"]
[BlackElo "1967"]
[WhiteFideId "415448"]
[BlackFideId "404721"]
[EventDate "2019.11.29"]

1. e4 d6 2. d4 Nf6 3. Nc3 e5 4. Nf3 Nc6 5. dxe5 Nxe5 6. Nxe5 dxe5 7. Qxd8+ Kxd8
8. Bc4 Be6 9. Bxe6 fxe6 10. Be3 c6 11. O-O-O+ Kc7 12. f3 Bb4 13. Ne2 b5 14. c3
Be7 15. Kc2 a6 16. Nc1 Nd7 17. Nd3 Rhf8 18. Rd2 Rad8 19. Rhd1 a5 20. f4 exf4 21.
Nxf4 Rf6 22. e5 Rh6 23. h3 Nxe5 24. Rxd8 Bxd8 25. Bc5 Nf7 26. Bf8 Rf6 27. g3 g5
28. Nd3 Rf3 29. Nc5 Rf2+ 30. Kc1 Kb6 31. Nxe6 Re2 32. Bc5+ Ka6 33. Nxd8 Ne5 34.
Rd2 Re1+ 35. Kc2 Nc4 36. Rd7 b4 37. cxb4 axb4 38. Bxb4 Rg1 39. Rxh7 Rxg3 40. Bc3
Kb6 41. Rb7+ Ka6 42. Rh7 Ne3+ 43. Kb3 c5 44. Rh6+ Ka7 45. Nc6+ Kb7 46. Ne5 Nd5
47. Rh7+ Kb6 48. Rh6+ Kb7 49. Kc4 Nf4 50. Kxc5 Nxh3 51. Rh7+ Kc8 52. Kc6 Kd8 53.
Bb4 1-0

[Event "London Classic Open 2019"]
[Site "London ENG"]
[Date "2019.12.01"]
[Round "4.63"]
[White "Pellicoro, Nathalie"]
[Black "Megias, Eva"]
[Result "1/2-1/2"]
[WhiteElo "1967"]
[BlackElo "1586"]
[WhiteFideId "1332350"]
[BlackFideId "465062"]
[EventDate "2019.11.29"]

1. e4 e5 2. Nf3 Nc6 3. Bc4 Bc5 4. d3 h6 5. c3 Nge7 6. b4 Bb6 7. b5 Na5 8. Nxe5
Nxc4 9. Nxc4 O-O 10. Nxb6 axb6 11. Be3 c5 12. d4 cxd4 13. cxd4 d5 14. e5 Nf5 15.
O-O Nxe3 16. fxe3 Qg5 17. Qf3 Be6 18. Nc3 Rfd8 19. a4 Rac8 20. Rac1 Rc4 21. e4
Qd2 22. Rfd1 dxe4 23. Qxe4 Qb2 24. Rc2 Qa3 25. Rd3 g6 26. g4 Kg7 27. Qf4 Qe7 28.
Rh3 g5 29. Qf6+ Qxf6 30. exf6+ Kxf6 31. d5 Rxg4+ 32. Kh1 Bxd5+ 33. Nxd5+ Rxd5
34. Rxh6+ Kg7 35. h3 Rd1+ 36. Kh2 Rgg1 37. Rxb6 Rh1+ 38. Kg2 Rdg1+ 39. Kf2 Ra1
40. Rc7 Rxh3 41. Rbxb7 Ra2+ 42. Kg1 Rf3 43. Ra7 Kg6 44. Rc6+ Kh5 45. b6 Rb3 46.
Rc1 Rxb6 47. Rxf7 Rxa4 48. Rc2 g4 49. Rg7 Kh6 50. Rg8 Kh7 51. Rg5 Rg6 52. Rh5+
Kg7 53. Rc7+ Kg8 54. Rb5 Ra8 55. Rbb7 g3 56. Kg2 Rf8 57. Ra7 Rf2+ 58. Kg1 Rf8
59. Kg2 Rb8 60. Rab7 Rxb7 61. Rxb7 1/2-1/2

[Event "London Classic Open 2019"]
[Site "London ENG"]
[Date "2019.12.01"]
[Round "4.64"]
[White "Ditmas, Hugh"]
[Black "Thatte, Nishchal"]
[Result "1-0"]
[WhiteElo "1961"]
[BlackElo "1711"]
[WhiteFideId "1270666"]
[BlackFideId "447234"]
[EventDate "2019.11.29"]

1. d4 Nf6 2. c4 e6 3. Nf3 b6 4. g3 Ba6 5. Qc2 Bb7 6. Bg2 c5 7. d5 exd5 8. cxd5
Nxd5 9. O-O Be7 10. e4 Nb4 11. Qb3 O-O 12. a3 N4c6 13. Nc3 d6 14. Rd1 Nd7 15.
Bf4 Qb8 16. Nd5 Nde5 17. Nxe7+ Nxe7 18. Rxd6 Qxd6 19. Nxe5 Qe6 20. Qxe6 fxe6 21.
Bh3 Bxe4 22. Bxe6+ Kh8 23. Nf7+ Rxf7 24. Bxf7 Bd5 25. Bxd5 Nxd5 26. Be5 Re8 27.
f4 Ne3 28. Re1 Nf5 29. g4 Nd6 30. Kf1 Rd8 31. Bxd6 h6 32. Be5 Rd2 33. Re2 Rd1+
34. Kg2 Rd3 35. f5 b5 36. Bc3 b4 37. axb4 cxb4 38. Be5 a5 39. h3 a4 40. Re4 Rd2+
41. Kf3 Rd3+ 42. Kf4 a3 43. bxa3 bxa3 44. Re3 Rd2 45. Rxa3 Rf2+ 46. Ke4 Rd2 47.
Rd3 Re2+ 48. Kd5 Kg8 49. Ke6 Kh7 50. Rd7 Kh8 51. h4 h5 52. g5 Rc2 53. Rd8+ Kh7
54. g6+ Kh6 55. Bf4# 1-0

[Event "London Classic Open 2019"]
[Site "London ENG"]
[Date "2019.12.01"]
[Round "4.65"]
[White "Nergard, Ole-Kristian"]
[Black "Jacobs, Robert"]
[Result "0-1"]
[WhiteElo "1639"]
[BlackElo "1935"]
[WhiteFideId "1543156"]
[BlackFideId "450049"]
[EventDate "2019.11.29"]

1. e4 c5 2. Nf3 Nc6 3. Bb5 g6 4. O-O Bg7 5. c3 Nf6 6. d4 Qb6 7. Na3 cxd4 8. cxd4
d5 9. exd5 Nxd5 10. Qb3 Be6 11. Nc4 Qc7 12. Ng5 O-O 13. Nxe6 fxe6 14. Bxc6 bxc6
15. Qh3 Rf5 16. Be3 Raf8 17. Rae1 Kh8 18. Bh6 Bxh6 19. Qxh6 Nf4 20. g3 R8f6 21.
Re5 g5 0-1